| 000 | 00821cam a22001815a 4500 | ||
|---|---|---|---|
| 001 | L155227 | ||
| 008 | 120312s1688 xxk f 000 0 eng d | ||
| 035 | _a(Sirsi) u155227 | ||
| 041 | 0 | _aeng | |
| 100 | 1 |
_aCollins, John _cphilomath |
|
| 245 | 0 | 0 | _aCollins's arithmetick, in whole numbers and fractions, both vulgar and decimal. With tables for the forberance and rebate of money, the summing up of annuities, and the perchase of leases at compound interest. By John Collins, philomath. Made publick by Tho. Plant accomptant |
| 260 |
_aLondon _bprinted for Benjamin Crayle, at the Peacock and Bible at the west end of St. Paul's _c1688 |
||
| 300 |
_a[12], 140, [4] p. _c12o |
||
| 583 |
_aCondition reviewed _c20120620 _lcondition level 1 |
||
| 651 | 4 |
_aGreat Britain _y1707- |
|
| 690 |
_aMeasurement _96256 |
||
| 942 | _n0 | ||
| 999 |
_c113414 _d113414 |
||